Republican Presidents - Statistics

General Stats
  • This quiz has been taken 61 times
  • The average score is 15 of 19
Answer Stats
Picture Answer % Correct
Abraham Lincoln
98%
Donald Trump
98%
George H.W. Bush
95%
George W. Bush
95%
Dwight D. Eisenhower
93%
Richard Nixon
93%
Ronald Reagan
93%
Theodore Roosevelt
91%
Gerald R. Ford
86%
Herbert Hoover
84%
Ulysses S. Grant
81%
William Howard Taft
81%
Calvin Coolidge
70%
Rutherford B. Hayes
67%
William McKinley
65%
Benjamin Harrison
63%
Chester A. Arthur
63%
James A. Garfield
63%
Warren G. Harding
63%
No matching quizzes found
Score Distribution
Percent of People with Each Score
Percentile by Number Answered
Your Score History
You have not taken this quiz